US Cities by Letter - T - Statistics

General Stats
  • This quiz has been taken 111 times
  • The average score is 5 of 8
Answer Stats
Population State Answer % Correct
2,441,770 FL Tampa
96%
843,168 AZ Tucson
94%
296,668 NJ Trenton
91%
655,479 OK Tulsa
91%
240,223 FL Tallahassee
84%
507,643 OH Toledo
79%
214,811 CA Thousand Oaks
7%
210,975 WA Tri-Cities
4%
No matching quizzes found
Score Distribution
Percent of People with Each Score
Percentile by Number Answered
Your Score History
You have not taken this quiz